Legend lyrics - twenty one pilots - Statistics

General Stats
  • This quiz has been taken 70 times
  • The average score is 169 of 192
Answer Stats
line % Correct
I
100%
a
97%
A
97%
You
97%
you
97%
classic
94%
in
94%
legend
94%
my
94%
My
94%
of
94%
one
94%
own
94%
those
94%
your
94%
You're
94%
goodbye
91%
know
91%
ones
91%
ones,
91%
the
91%
to
91%
To
91%
everybody
89%
mind
89%
sun
89%
were
89%
around
86%
it
86%
knew
86%
knows
86%
this
86%
wish
86%
me
83%
middle
83%
name
83%
yeah
83%
again
80%
Alright
80%
and
80%
Like
80%
Traveling
80%
when
80%
When
80%
with
80%
But
77%
finish
77%
I'm
77%
last
77%
Now
77%
show
77%
bit
74%
day
74%
forward
74%
happened
74%
here
74%
long
74%
look
74%
lunch
74%
not
74%
recorded
74%
she
74%
too
74%
did
71%
Did
71%
eyes
71%
having
71%
masters
71%
sorry
71%
take
71%
Then
71%
how
69%
wrote
69%
mixes
66%
visit
66%
Will
60%
No matching quizzes found
Score Distribution
Percent of People with Each Score
Percentile by Number Answered
Your Score History
You have not taken this quiz